L'acquaforte (Record no. 101822)

MARC details
000 -LEADER
campo de control de longitud fija 00582nam a2200205 i 4500
001 - NÚMERO DE CONTROL
campo de control 101822
003 - IDENTIFICADOR DE NÚMERO DE CONTROL
campo de control ES-MaACL
005 - FECHA Y HORA DE LA ÚLTIMA TRANSACCIÓN
campo de control 20230906183004.0
007 - CAMPO FIJO DE DESCRIPCIÓN FÍSICA--INFORMACIÓN GENERAL
campo de control de longitud fija t|
008 - DATOS DE LONGITUD FIJA--INFORMACIÓN GENERAL
campo de control de longitud fija 051026s1916 it ||||1| ita d
100 1# - ENTRADA PRINCIPAL--NOMBRE DE PERSONA
Nombre de persona Melis-Marini, Felice.
9 (RLIN) 79979
245 12 - MENCIÓN DEL TÍTULO
Título L'acquaforte
Resto del título : manuale pratico /
Mención de responsabilidad, etc. Felice Melis-Marini.
260 ## - PUBLICACIÓN, DISTRIBUCIÓN, ETC.
Lugar de publicación, distribución, etc. Milano :
Nombre del editor, distribuidor, etc. [s.n.],
Fecha de publicación, distribución, etc. 1916 (
Fabricante Umberto Allegretti)
300 ## - DESCRIPCIÓN FÍSICA
Extensión 170 p. ;
Dimensiones 15 cm.
490 1# - MENCIÓN DE SERIE
Mención de serie Manueli Hoepli
650 #4 - PUNTO DE ACCESO ADICIONAL DE MATERIA--TÉRMINO DE MATERIA
Término de materia o nombre geográfico como elemento de entrada Aguafuerte.
9 (RLIN) 159672
830 0# - PUNTO DE ACCESO ADICIONAL DE SERIE-TÍTULO UNIFORME
Título uniforme Manueli Hoepli
9 (RLIN) 184615
852 ## - LOCALIZACIÓN
Ubicación ES-MaACL
Número de control de estantería D-2974
Holdings
Estatus retirado Estado de pérdida Estado de daño No para préstamo Biblioteca de origen Biblioteca actual Ubicación en estantería Fecha de adquisición Fuente de adquisición Total de préstamos Signatura topográfica completa Código de barras Visto por última vez Precio de reemplazo Tipo de ítem Koha
        Biblioteca del Ateneo de Madrid Biblioteca del Ateneo de Madrid Sala Valle Inclán 17/01/2008     D-2974 901106298 23/02/2023 23/02/2023 Libro impreso